[Event "Plzen Calliditas op"]
[Site "Plzen"]
[Date "2020.08.25"]
[Round "4"]
[White "Cizek, Jan"]
[Black "Mlcak, Viktor"]
[Result "0-1"]
[WhiteElo "1645"]
[BlackElo "1803"]
[PlyCount "68"]
[EventDate "2020.08.23"]
[EventType "swiss"]
[EventRounds "9"]
[EventCountry "CZE"]
[SourceTitle "CBM 198 Extra"]
[Source "ChessBase"]
[SourceDate "2020.11.30"]
[SourceVersion "1"]
[SourceVersionDate "2020.11.30"]
[SourceQuality "1"]

1. e4 e5 2. f4 Bc5 3. Nf3 d6 4. c3 Nf6 5. d4 exd4 6. cxd4 Bb6 7. Nc3 0-0 8. Bc4 Nxe4 9. Nxe4 d5 10. Nf6+ Qxf6 11. Bxd5 Nc6 12. Be3 Bg4 13. Bxc6 Qxc6 14. 0-0 Rfe8 15. Qd3 Qe4 16. Qxe4 Rxe4 17. Rae1 Bxf3 18. Rxf3 Rae8 19. Kf2 Bxd4 20. b3 f5 21. Re2 Kf7 22. Rh3 c5 23. Rf3 b5 24. Re1 Rxe3 25. Rexe3 Rxe3 26. Rxe3 Bxe3+ 27. Kxe3 Ke6 28. h3 Kd5 29. g4 g6 30. Kd3 fxg4 31. hxg4 h5 32. f5 h4 33. fxg6 Ke6 34. a4 h3 0-1

[Event "Ceske Budejovice op-A"]
[Site "Ceske Budejovice"]
[Date "2020.07.02"]
[Round "2"]
[White "Cizek, Jan"]
[Black "Mostbauer, Maximilian"]
[Result "0-1"]
[WhiteElo "1582"]
[BlackElo "2217"]
[PlyCount "44"]
[EventDate "2020.07.01"]
[EventType "swiss"]
[EventRounds "9"]
[EventCountry "CZE"]
[SourceTitle "CBM 197 Extra"]
[Source "ChessBase"]
[SourceDate "2020.09.30"]
[SourceVersion "1"]
[SourceVersionDate "2020.09.30"]
[SourceQuality "1"]

1. Nf3 Nf6 2. g3 b6 3. Bg2 Bb7 4. b3 g6 5. Bb2 Bg7 6. d4 0-0 7. 0-0 d6 8. Nbd2 Nbd7 9. h3 Ne4 10. Nxe4 Bxe4 11. c4 e6 12. Qd2 Qe7 13. Rfd1 f5 14. Rac1 Rad8 15. Qb4 e5 16. Nxe5 c5 17. dxc5 dxe5 18. Bxe4 fxe4 19. Qb5 Nxc5 20. Rxd8 Rxd8 21. b4 Ne6 22. Bxe5 a6 0-1

[Event "CZE-ch Juniors op"]
[Site "Kouty nad Desnou"]
[Date "2020.03.10"]
[Round "5"]
[White "Holaskova, Veronika"]
[Black "Cizek, Jan"]
[Result "0-1"]
[WhiteElo "1376"]
[BlackElo "1566"]
[PlyCount "106"]
[EventDate "2020.03.07"]
[EventType "swiss"]
[EventRounds "7"]
[EventCountry "CZE"]
[SourceTitle "CBM 195 Extra"]
[Source "ChessBase"]
[SourceDate "2020.05.31"]
[SourceVersion "1"]
[SourceVersionDate "2020.05.31"]
[SourceQuality "1"]

1. e4 c5 2. Nc3 Nc6 3. Bc4 Nf6 4. d3 d6 5. Bg5 Bg4 6. f3 Bd7 7. Nge2 e6 8. Qd2 a6 9. a3 b5 10. Ba2 Be7 11. f4 0-0 12. 0-0 Qb6 13. Kh1 a5 14. Ng3 b4 15. Nce2 a4 16. axb4 Nxb4 17. e5 Nfd5 18. c4 Bxg5 19. cxd5 Nxa2 20. dxe6 Bxe6 21. fxg5 dxe5 22. Ne4 Kh8 23. N2c3 Nxc3 24. Nxc3 Bb3 25. Qe3 Qd6 26. Nb5 Qc6 27. Na3 Qd5 28. Rac1 Qd4 29. Nc4 Bxc4 30. Qxd4 cxd4 31. Rxc4 f5 32. gxf6 gxf6 33. Ra1 Rfb8 34. Rcxa4 Rxa4 35. Rxa4 Rxb2 36. Kg1 Kg7 37. Kf1 Kg6 38. Ra8 Rd2 39. Rg8+ Kf7 40. Rg3 f5 41. Ke1 Ra2 42. h4 Kf6 43. h5 e4 44. Rg8 exd3 45. Rf8+ Kg5 46. h6 Re2+ 47. Kd1 Rf2 48. Rf7 Kxh6 49. Rd7 Rxg2 50. Rxd4 d2 51. Rd6+ Kg5 52. Rd7 Rh2 53. Rd5 Kg4 0-1

[Event "CZE-ch Juniors op"]
[Site "Kouty nad Desnou"]
[Date "2020.03.08"]
[Round "2"]
[White "Cizek, Jan"]
[Black "Hobza, Radek"]
[Result "1-0"]
[WhiteElo "1566"]
[BlackElo "1334"]
[PlyCount "57"]
[EventDate "2020.03.07"]
[EventType "swiss"]
[EventRounds "7"]
[EventCountry "CZE"]
[SourceTitle "CBM 195 Extra"]
[Source "ChessBase"]
[SourceDate "2020.05.31"]
[SourceVersion "1"]
[SourceVersionDate "2020.05.31"]
[SourceQuality "1"]

1. e4 e6 2. d4 d5 3. Nd2 a6 4. Bd3 c5 5. exd5 exd5 6. Ngf3 Nf6 7. 0-0 cxd4 8. Qe2+ Qe7 9. Qxe7+ Bxe7 10. Nxd4 0-0 11. N2f3 Nc6 12. Re1 Bc5 13. Be3 Nb4 14. Bf1 Bg4 15. a3 Bxf3 16. axb4 Bxd4 17. Bxd4 Be4 18. c3 b5 19. g3 Rfc8 20. Bg2 Bd3 21. Bxf6 gxf6 22. Bxd5 Ra7 23. Re3 Bc4 24. Bxc4 bxc4 25. f4 f5 26. Ra5 Rd8 27. Kf2 Rd3 28. Rxd3 cxd3 29. Rd5 1-0

[Event "Liptovsky Mikulas CupT U20"]
[Site "Liptovsky Mikulas"]
[Date "2017.06.23"]
[Round "5.4"]
[White "Buco, Martin"]
[Black "Cizek, Jan"]
[Result "1-0"]
[WhiteElo "1708"]
[BlackElo "1100"]
[PlyCount "71"]
[EventDate "2017.06.21"]
[EventType "team-swiss"]
[EventRounds "8"]
[EventCountry "SVK"]
[SourceTitle "CBM 179 Extra"]
[Source "ChessBase"]
[SourceDate "2017.08.23"]
[SourceVersion "1"]
[SourceVersionDate "2017.08.23"]
[SourceQuality "1"]
[WhiteTeam "Povazie RSA"]
[BlackTeam "Svetla nad Sazavou"]
[WhiteTeamCountry "SVK"]
[BlackTeamCountry "CZE"]

1. e4 e5 2. Nf3 Nc6 3. Bc4 Bc5 4. c3 Nf6 5. d4 exd4 6. cxd4 Bb4+ 7. Nc3 0-0 8. Bg5 d6 9. 0-0 Bxc3 10. bxc3 Re8 11. Nd2 h6 12. Bxf6 Qxf6 13. f4 Qg6 14. Qf3 Bg4 15. Qg3 Qh5 16. Rae1 Ne7 17. h3 Be6 18. d5 Bd7 19. e5 Nf5 20. Qf2 Qh4 21. Qxh4 Nxh4 22. e6 fxe6 23. dxe6 Bc6 24. g3 Nf5 25. Kh2 Re7 26. g4 Nh4 27. f5 Bg2 28. Rf2 Bc6 29. Kg3 g5 30. f6 Rh7 31. f7+ Kg7 32. e7 Ng6 33. f8Q+ Nxf8 34. Rf7+ Kg8 35. Rxf8+ Kg7 36. Rxa8 1-0

[Event "Liptovsky Mikulas CupT U20"]
[Site "Liptovsky Mikulas"]
[Date "2017.06.22"]
[Round "2.4"]
[White "Havel, Kristian"]
[Black "Cizek, Jan"]
[Result "1-0"]
[WhiteElo "1447"]
[BlackElo "1100"]
[PlyCount "123"]
[EventDate "2017.06.21"]
[EventType "team-swiss"]
[EventRounds "8"]
[EventCountry "SVK"]
[SourceTitle "CBM 179 Extra"]
[Source "ChessBase"]
[SourceDate "2017.08.23"]
[SourceVersion "1"]
[SourceVersionDate "2017.08.23"]
[SourceQuality "1"]
[WhiteTeam "Opavsko II"]
[BlackTeam "Svetla nad Sazavou"]
[WhiteTeamCountry "CZE"]
[BlackTeamCountry "CZE"]

1. d4 d5 2. c4 e6 3. Nf3 Nf6 4. Nc3 Bb4 5. Bg5 Nc6 6. e3 0-0 7. cxd5 exd5 8. Bd3 Re8 9. 0-0 Bxc3 10. bxc3 Qd6 11. Bf4 Qd8 12. Ne5 Nxe5 13. Bxe5 c5 14. Qf3 c4 15. Bxf6 Qxf6 16. Qxf6 gxf6 17. Bc2 f5 18. Rfe1 b5 19. a3 Be6 20. f3 Kh8 21. e4 fxe4 22. fxe4 Rad8 23. Kf2 Rg8 24. h3 Rg6 25. g4 Rdg8 26. exd5 Rf6+ 27. Kg3 Bxd5 28. Rf1 Rxf1 29. Rxf1 Re8 30. Kf2 Kg7 31. Re1 Rxe1 32. Kxe1 Bg2 33. h4 Kh6 34. Kf2 Bd5 35. Ke3 Be6 36. Kf4 Kg7 37. Bf5 h6 38. Bxe6 fxe6 39. Ke5 Kf7 40. Kd6 a5 41. Kc5 Kf6 42. Kxb5 e5 43. g5+ hxg5 44. hxg5+ Kxg5 45. dxe5 Kf5 46. Kxc4 Kxe5 47. Kb5 Kd5 48. c4+ Kd6 49. Kb6 a4 50. c5+ Kd5 51. c6 Kc4 52. c7 Kb3 53. c8Q Kxa3 54. Ka5 Kb3 55. Qe6+ Ka3 56. Qh3+ Kb2 57. Kxa4 Kc2 58. Qf3 Kd2 59. Kb3 Ke1 60. Qg2 Kd1 61. Qf2 Kc1 62. Qc2# 1-0